000 00457nam a22001817a 4500
003 MPLRDC
005 20220104124655.0
008 210129b ||||| |||| 00| 0 eng d
020 _a957-626-140-6
082 _a857.46 HSGH v.4
100 _a横山光辉
245 _a水浒传. 第四部
_c
250 _a初版
260 _a
_b故乡出版公司
_c1992
300 _b
650 _a话本小说及章回--水浒传
942 _cBK
_o857.46 HSGH v.4
999 _c21224
_d21214